UBT Library

Reinforced concrete design (Record no. 44302)

000 -LEADER
fixed length control field 00585cam a2200217 4500
001 - CONTROL NUMBER
control field 4559322
005 - DATE AND TIME OF LATEST TRANSACTION
control field 20180307072554.0
008 - FIXED-LENGTH DATA ELEMENTS--GENERAL INFORMATION
fixed length control field 730307s1973 nyua b 001 0 eng
010 ## - LIBRARY OF CONGRESS CONTROL NUMBER
LC control number 73004232
020 ## - INTERNATIONAL STANDARD BOOK NUMBER
International Standard Book Number 0700224300
040 ## - CATALOGING SOURCE
Original cataloging agency DLC
Transcribing agency DLC
Modifying agency DLC
041 ## - LANGUAGE CODE
Language code of text/sound track or separate title eng
080 ## - UNIVERSAL DECIMAL CLASSIFICATION NUMBER
Universal Decimal Classification number 624.1834 win
082 00 - DEWEY DECIMAL CLASSIFICATION NUMBER
Classification number 624.1834 win
100 1# - Rafti
Rafti 42
101 ## - Shkurtesa
Shkurtesa art
245 10 - TITLE STATEMENT
Title Reinforced concrete design
Statement of responsibility, etc [by] Chu-Kia Wang [and] Charles G. Salmon.
504 ## - BIBLIOGRAPHY, ETC. NOTE
Bibliography, etc Includes bibliographical references.
906 ## - LOCAL DATA ELEMENT F, LDF (RLIN)
a 7
b cbc
c orignew
d 1
e ocip
f 19
g y-gencatlg
942 ## - ADDED ENTRY ELEMENTS (KOHA)
Source of classification or shelving scheme
Item type Books
Holdings
Withdrawn status Lost status Source of classification or shelving scheme Damaged status Not for loan Collection code Permanent location Current location Shelving location Date acquired Total Checkouts Full call number Barcode Date last seen Price effective from Koha item type
          Koleksioni i përgjithshem UBT - Lipjan UBT - Lipjan Koleksioni i përgjithshem 03/07/2018   624.1834 win 002-3001042 03/07/2018 03/07/2018 Books
UBT Library © 2015-2024. All rights reserved University Education for Business and Technology